000 00659cam a2200229 4500
005 20260322212006.0
008 data
010 _a 72002674
020 _a0393073610
020 _a9780393073614
040 _aDLC
_cDLC
_dDLC
050 0 0 _aE807.1
_b.R574
082 0 0 _aB
_aB
100 1 _aLash, Joseph P.,
_d1909-
245 1 0 _aEleanor: the years alone
_cJoseph P. Lash.
260 _aNew York,
_bNorton
_c[1972]
300 _a368 p.
_c24 cm.
500 _aContinues the biography of Mrs. Roosevelt which began in the author's Eleanor and Franklin.
504 _aIncludes bibliographical references.
600 1 0 _aRoosevelt, Eleanor,
_d1884-1962.
001 data
999 _c94
_d94